El hambre /

Reflexión sobre el hambre y la alimentación, en donde se desarrollan los aspectos fisiológicos, económicos, sociales, demográficos e históricos de esta necesidad. El autor finaliza con un recuento de las medidas que ha promovido la Organización de las Naciones Unidas para la Alimentación y la Agricu...

Ful tanımlama

Kaydedildi:
Detaylı Bibliyografya
Yazar: Masseyeff, René (autor)
Materyal Türü: Kitap
Dil:İspanyolca
Baskı/Yayın Bilgisi: Buenos Aires, Argentina : EUDEBA, 1963, c1960
Seri Bilgileri:(Cuadernos EUDEBA ; 34)
Konular:
Etiketler: Etiketle
Etiket eklenmemiş, İlk siz ekleyin!

MARC

LEADER 00000nam^a2200000^a^4500
001 000364168
005 20250521000000.0
009 20260310115608.941
037 |a Acervo Xavier Clavigero 
041 |a ESP 
082 |a 338. 19  |b MAS 
100 |a Masseyeff, René  |e (autor) 
240 1 4 |a [El hambre, de René Masseyeff] 
245 1 3 |a El hambre /  |c R. Masseyeff ; tr. por Mario Testa. 
264 4 |a Buenos Aires, Argentina :  |b EUDEBA,  |c 1963, c1960 
300 |a 59 p. 
336 |a texto  |b txt  |2 rdacontenido 
337 |a sin mediación  |b n  |2 rdamedio 
338 |a volumen  |b nc  |2 rdasoporte 
440 1 |a (Cuadernos EUDEBA ;  |v 34) 
500 |a Traducción de: La faim 
520 |a Reflexión sobre el hambre y la alimentación, en donde se desarrollan los aspectos fisiológicos, económicos, sociales, demográficos e históricos de esta necesidad. El autor finaliza con un recuento de las medidas que ha promovido la Organización de las Naciones Unidas para la Alimentación y la Agricultura (FAO) para luchar contra este problema social. 
610 |a FAO 
649 |a XX 
650 |a Abasto de Alimentos 
650 |a Desnutrición 
650 |a Enfermedades 
650 |a Hambre -  |x Aspectos Económicos 
650 |a Hambre -  |x Aspectos Sociales y Culturales 
650 |a Hambre -  |x Historia 
650 |a Hambre -  |x Tema Principal 
650 |a Problemas Sociales 
650 |a Fisiología Humana 
650 |a Política Alimentaria 
650 |a Política y Salud Pública 
910 |a Fondo General 
920 |a Impresos - Libros 
930 |a Colección General 
905 |a 101 
901 |a 053731  |b IT1  |c ACC  |u 20250521 
902 |a https://opac.biblio.iteso.mx/vufind/Record/000364168